00805 a2200205 4500003000500000005001700005040000900022082001200031100003000043245008000073260003100153300001500184505021400199538002900413650001400442651001100456942000800467999001900475952010500494Nust20170207153213.0 cNust a621.382 aMehmood, Khalid (MSEE-6) aDecoding of error correcting codes using neural networkscKhalid Mehmood  bMCS,NUSTc2005aRawalpindi ax, 99, p.; aThesis introduction (page-1) Linear block codes (page-7) Convolutional codes (page-20) Artificial neural networks (page-330 Decoding block codes using neural networks (page-43) Results and discussion (page-65) aAlmirah No 69 Shelf No 1 aPG Thesis aMSEE-6 cTHS c181454d181454 00102ddc40708NFICaMCSbMCSd2016-12-12l0o621.382 MEHpMCSTEE-22r2016-12-08w2016-12-12yBK